000 00648nam a22001937a 4500
999 _c5288
_d5288
003 OSt
005 20220406094451.0
008 220406b ||||| |||| 00| 0 eng d
020 _a9780829400656
040 _cALUPE UNIVERSITY
050 _aBX2179.L7
_b.P84 1952
100 _aLouis J Puhl
245 _aThe spiritual exercises of St. Ignatius based on studies in the language of the autograph
260 _aChicago (IL) :
_bLoyola University Press,
_c1952.
300 _axiii, 216 p. ;
_c23 cm
504 _aincludes bibliographies references and indexes
650 _2 Ignatius de Loyola, -- santo, -- 1491-1556.
942 _2lcc
_cBK
_nJO